[Event "Albena BUL, 19th Open round_3"]
[Site "Albena BUL"]
[Date "2011.06.27"]
[Round "3.38"]
[White "Sofranov, Velizar"]
[Black "Taras, Iulian-Ioan"]
[Result "1/2-1/2"]
[WhiteElo "2053"]
[BlackElo "2267"]
[PlyCount "96"]
[EventDate "2011.06.25"]
[EventType "swiss"]
[EventRounds "9"]
[EventCountry "BUL"]

1. c4 b6 2. Nc3 Bb7 3. Nf3 e6 4. e4 Bb4 5. d3 Bxc3+ 6. bxc3 d6 7. Be2 Nd7 8.
Qa4 Ngf6 9. O-O O-O 10. Ne1 d5 11. cxd5 exd5 12. f3 Re8 13. Bg5 Qe7 14. Nc2
dxe4 15. fxe4 Qc5+ 16. Be3 Qxc3 17. Bd4 Qc6 18. Qb3 Qe6 19. Ne3 Qxb3 20. axb3
Ne5 21. Rf5 Nfd7 22. Bc3 c5 23. Rg5 f6 24. Rg3 Bc6 25. h4 Nf8 26. Rf1 Kh8 27.
Nf5 g6 28. Nh6 Kg7 29. Nf5+ Kh8 30. Nh6 Nfd7 31. Bg4 Kg7 32. Bxd7 Bxd7 33. Nf5+
Bxf5 34. exf5 Rad8 35. fxg6 hxg6 36. h5 g5 37. Rf5 Rd5 38. Re3 Re6 39. g4 Kf7
40. Bxe5 Rexe5 41. Rfxe5 Rxe5 42. Rxe5 fxe5 43. Kf2 a5 44. Ke3 b5 45. Kd2 Kf6
46. Kc3 Ke6 47. Kc2 Kf7 48. Kc3 Kf6 1/2-1/2

[Event "Albena BUL, 19th Open round_3"]
[Site "Albena BUL"]
[Date "2011.06.27"]
[Round "3.39"]
[White "Marinc, Damir"]
[Black "Popov, Petar"]
[Result "1-0"]
[WhiteElo "2049"]
[BlackElo "2244"]
[PlyCount "55"]
[EventDate "2011.06.25"]
[EventType "swiss"]
[EventRounds "9"]
[EventCountry "BUL"]

1. e4 e6 2. d3 d5 3. Nd2 Nf6 4. Ngf3 c5 5. g3 Nc6 6. Bg2 Be7 7. O-O O-O 8. e5
Nd7 9. Re1 Qc7 10. Qe2 Re8 11. c3 f5 12. exf6 Bxf6 13. Nf1 e5 14. Ng5 Nb6 15.
Nxh7 Be6 16. Ng5 Bxg5 17. Bxg5 Bf7 18. Qg4 Qd6 19. Ne3 Ne7 20. f4 exf4 21. gxf4
d4 22. Nf1 Rab8 23. c4 Nd7 24. Ng3 Nf6 25. Qh3 Kf8 26. Qh8+ Nfg8 27. Rxe7 Rxe7
28. Nf5 1-0

[Event "Albena BUL, 19th Open round_3"]
[Site "Albena BUL"]
[Date "2011.06.27"]
[Round "3.41"]
[White "Vasilev, Vergil"]
[Black "Ivelinov, Hristo"]
[Result "0-1"]
[WhiteElo "2005"]
[BlackElo "2236"]
[PlyCount "69"]
[EventDate "2011.06.25"]
[EventType "swiss"]
[EventRounds "9"]
[EventCountry "BUL"]

1. e4 e5 2. d4 exd4 3. Qxd4 Nc6 4. Qe3 Nf6 5. Nc3 Bb4 6. Bd2 O-O 7. O-O-O Re8
8. Bc4 d6 9. f3 Na5 10. Bb3 Nxb3+ 11. axb3 Qe7 12. g4 c6 13. g5 Nd7 14. h4 d5
15. h5 Bc5 16. Qf4 Bd6 17. Qh4 d4 18. Nce2 c5 19. Ng3 Bxg3 20. Qxg3 a5 21. Ne2
a4 22. b4 a3 23. bxa3 Qe6 24. g6 Qa2 25. gxh7+ Kxh7 26. Bf4 Qxa3+ 27. Kd2 Qxb4+
28. c3 dxc3+ 29. Ke3 Nf6 30. Rdg1 Ng4+ 31. Qxg4 Bxg4 32. Rxg4 f5 33. Rg6 Rxe4+
34. fxe4 Qxe4+ 35. Kf2 0-1

[Event "Albena BUL, 19th Open round_3"]
[Site "Albena BUL"]
[Date "2011.06.27"]
[Round "3.42"]
[White "Stanojoski, Zvonko"]
[Black "Petrov, Vladimir Sergeev"]
[Result "1-0"]
[WhiteElo "2493"]
[BlackElo "1793"]
[PlyCount "79"]
[EventDate "2011.06.25"]
[EventType "swiss"]
[EventRounds "9"]
[EventCountry "BUL"]

1. c4 Nf6 2. g3 c5 3. Bg2 d5 4. cxd5 Nxd5 5. Nc3 Nc7 6. d3 e5 7. Be3 Be7 8. Rc1
Ne6 9. Nf3 Nc6 10. Nd2 Ned4 11. Na4 Bg4 12. Bxc6+ bxc6 13. f3 Be6 14. Nxc5 Bxc5
15. Rxc5 Qb6 16. Rxe5 Qxb2 17. Nc4 Nc2+ 18. Kf2 Nxe3 19. Nxb2 Nxd1+ 20. Rxd1
Kd7 21. Ra5 Rab8 22. Rd2 Rb5 23. Ra6 Rb6 24. Ra3 Kc7 25. Rc2 Kb7 26. Na4 Rb5
27. Nc5+ Kc7 28. Rac3 Rb6 29. e4 Kd6 30. d4 Rd8 31. Ke3 Re8 32. Ra3 Re7 33. e5+
Kc7 34. Rxa7+ Kd8 35. Ra8+ Kc7 36. a4 Bd5 37. a5 Rb1 38. a6 Ra1 39. Rb2 Ra3+
40. Kd2 1-0

[Event "Albena BUL, 19th Open round_3"]
[Site "Albena BUL"]
[Date "2011.06.27"]
[Round "3.43"]
[White "Kakkanas, Evangelos"]
[Black "Vioreanu, Bogdan-Gabriel"]
[Result "0-1"]
[WhiteElo "1957"]
[BlackElo "2430"]
[PlyCount "58"]
[EventDate "2011.06.25"]
[EventType "swiss"]
[EventRounds "9"]
[EventCountry "BUL"]

1. d4 d5 2. c4 e6 3. Nf3 c6 4. Nbd2 Nf6 5. g3 c5 6. Bg2 Nc6 7. dxc5 Bxc5 8. O-O
O-O 9. Nb3 Bb6 10. cxd5 exd5 11. Nbd4 Re8 12. Be3 Rxe3 13. fxe3 Ng4 14. Qd3 Qe7
15. Kh1 Nxe3 16. Nxc6 bxc6 17. Rfc1 Bf5 18. Qd2 Nxg2 19. Kxg2 Be3 20. Qd1 Bxc1
21. Rxc1 Re8 22. Rxc6 Qxe2+ 23. Qxe2 Rxe2+ 24. Kg1 Rxb2 25. Rd6 Kf8 26. Nd4 Bh3
27. Nc6 g6 28. a4 Rg2+ 29. Kh1 Rf2 0-1

[Event "Albena BUL, 19th Open round_3"]
[Site "Albena BUL"]
[Date "2011.06.27"]
[Round "3.44"]
[White "Cioara, Andrei-Nestor"]
[Black "Ivanov, Ljubomir"]
[Result "1-0"]
[WhiteElo "2427"]
[BlackElo "1949"]
[PlyCount "91"]
[EventDate "2011.06.25"]
[EventType "swiss"]
[EventRounds "9"]
[EventCountry "BUL"]

1. Nf3 d5 2. c4 c6 3. g3 e6 4. b3 f5 5. Bb2 Nf6 6. Bg2 Bd6 7. O-O O-O 8. d3
Nbd7 9. Nbd2 e5 10. cxd5 cxd5 11. e4 fxe4 12. dxe4 d4 13. Nc4 Qe7 14. a4 Bb4
15. Ne1 Nc5 16. Nd3 Nxd3 17. Qxd3 Nd7 18. Qc2 Nc5 19. Nxe5 Qxe5 20. Qc4+ Be6
21. Qxb4 Nxb3 22. f4 Qh5 23. Ra3 a5 24. Qb6 Qf7 25. Rd1 Bc4 26. Bf1 Bxf1 27.
Kxf1 Qc4+ 28. Kg1 Nc5 29. Rxd4 Qe2 30. Qxc5 Qxb2 31. Qc3 Qb1+ 32. Kg2 Rac8 33.
Qb3+ Qxb3 34. Rxb3 Rfd8 35. Rxd8+ Rxd8 36. Rxb7 Rd4 37. e5 Rxa4 38. e6 Kf8 39.
Rf7+ Kg8 40. Ra7 Kf8 41. f5 Ra2+ 42. Kh3 h5 43. Ra8+ Ke7 44. Rg8 Kf6 45. Rf8+
Kg5 46. e7 1-0

[Event "Albena BUL, 19th Open round_3"]
[Site "Albena BUL"]
[Date "2011.06.27"]
[Round "3.45"]
[White "Galunova, Tsveta"]
[Black "Dimitrov, Radoslav"]
[Result "1/2-1/2"]
[WhiteElo "1943"]
[BlackElo "2410"]
[PlyCount "151"]
[EventDate "2011.06.25"]
[EventType "swiss"]
[EventRounds "9"]
[EventCountry "BUL"]

1. e4 c6 2. d4 d5 3. exd5 cxd5 4. c4 Nf6 5. Nc3 g6 6. Nf3 Bg7 7. cxd5 Nxd5 8.
Bc4 Nxc3 9. bxc3 Qc7 10. Qe2 O-O 11. h3 b5 12. Bd5 Qxc3+ 13. Qd2 Qxa1 14. O-O
Be6 15. Bxe6 fxe6 16. Ba3 Qxf1+ 17. Kxf1 Nc6 18. d5 Rad8 19. Qe3 b4 20. dxc6
Rd1+ 21. Ke2 Rd6 22. Bxb4 Rxc6 23. Bxe7 Rb8 24. Nd4 Ra6 25. Nxe6 Rxa2+ 26. Kf3
Rab2 27. Nc5 Kh8 28. Bd6 Rd8 29. Be5 Rf8+ 30. Kg3 Rbxf2 31. Bxg7+ Kxg7 32. Ne6+
Kg8 33. Nxf8 Rxf8 34. Qxa7 h6 35. Qe7 Rf7 36. Qe5 Kh7 37. h4 h5 38. Qe6 Kg7 39.
Qe5+ Kh7 40. Kh3 Rb7 41. Qd5 Rc7 42. Qd3 Rf7 43. g4 hxg4+ 44. Kxg4 Rf5 45. Qd7+
Kh6 46. Qe7 Rf1 47. Qe3+ Kg7 48. Qd4+ Kh7 49. Qd7+ Kh6 50. Qd4 Kh7 51. Qa7+ Kh6
52. Qb6 Rf5 53. Qd4 Kh7 54. Qe4 Kg7 55. Qe7+ Kg8 56. Qd7 Kh8 57. Qe7 Kg8 58.
Qd7 Kh8 59. Qd8+ Kg7 60. Qe8 Kh7 61. Qe7+ Kg8 62. Qe6+ Kg7 63. Qe7+ Kg8 64. Qe4
Kg7 65. Qd3 Kh7 66. Qe4 Kg7 67. Qe8 Kh7 68. Qe6 Kg7 69. Qe7+ Kg8 70. Qe6+ Kg7
71. Qd7+ Kg8 72. Qe6+ Kg7 73. Qd7+ Kg8 74. Qe8+ Kg7 75. Qe6 Kh7 76. Qxf5
1/2-1/2

[Event "Albena BUL, 19th Open round_3"]
[Site "Albena BUL"]
[Date "2011.06.27"]
[Round "3.46"]
[White "Paikidze, Nazi"]
[Black "Crigan, Galina"]
[Result "1-0"]
[WhiteElo "2408"]
[BlackElo "1945"]
[PlyCount "73"]
[EventDate "2011.06.25"]
[EventType "swiss"]
[EventRounds "9"]
[EventCountry "BUL"]

1. d4 d5 2. Nf3 Nf6 3. c4 e6 4. Nc3 Bb4 5. cxd5 Nxd5 6. Bd2 O-O 7. e4 Nxc3 8.
bxc3 Be7 9. Bc4 c5 10. O-O Nc6 11. Be3 Na5 12. Bd3 c4 13. Bc2 b5 14. Rb1 a6 15.
Ne5 f6 16. Nf3 Rb8 17. Qe2 Qc7 18. Nd2 Bd7 19. f4 b4 20. f5 bxc3 21. fxe6 Bxe6
22. Rxb8 Rxb8 23. Nb1 Bd6 24. e5 fxe5 25. Nxc3 exd4 26. Bxd4 Bxh2+ 27. Kh1 Bf7
28. Qe4 g6 29. Nd5 Qd6 30. Nf6+ Kf8 31. Nxh7+ Kg8 32. Nf6+ Kf8 33. Bc5 Qxc5 34.
Nd7+ Kg8 35. Nxc5 Bd6 36. Rxf7 Kxf7 37. Qxg6+ 1-0

[Event "Albena BUL, 19th Open round_3"]
[Site "Albena BUL"]
[Date "2011.06.27"]
[Round "3.47"]
[White "Pancevski, Filip"]
[Black "Schekachikhin, Maksim"]
[Result "1-0"]
[WhiteElo "2399"]
[BlackElo "1936"]
[PlyCount "41"]
[EventDate "2011.06.25"]
[EventType "swiss"]
[EventRounds "9"]
[EventCountry "BUL"]

1. f4 d5 2. Nf3 c5 3. g3 Nf6 4. Bg2 g6 5. O-O Bg7 6. d3 O-O 7. Qe1 Nc6 8. e4
dxe4 9. dxe4 e5 10. Nc3 Re8 11. fxe5 Nxe5 12. Nxe5 Rxe5 13. Bf4 Re8 14. Bg5 Qb6
15. Qf2 Re6 16. Nd5 Nxd5 17. Qxf7+ Kh8 18. exd5 c4+ 19. Kh1 Re2 20. Bf6 Bxf6
21. Qf8# 1-0

[Event "Albena BUL, 19th Open round_3"]
[Site "Albena BUL"]
[Date "2011.06.27"]
[Round "3.48"]
[White "Dereshki, Dario"]
[Black "Spassov, Liuben"]
[Result "0-1"]
[WhiteElo "1927"]
[BlackElo "2384"]
[PlyCount "159"]
[EventDate "2011.06.25"]
[EventType "swiss"]
[EventRounds "9"]
[EventCountry "BUL"]

1. d4 Nf6 2. c4 e6 3. Nf3 Bb4+ 4. Bd2 a5 5. g3 d6 6. Bg2 Nbd7 7. O-O e5 8. Bc3
Qe7 9. b3 Bxc3 10. Nxc3 c6 11. e4 O-O 12. Qd2 Re8 13. d5 Nc5 14. Rfe1 cxd5 15.
Nxd5 Nxd5 16. Qxd5 Be6 17. Qd2 Red8 18. Re3 Bd7 19. a4 Bc6 20. Nh4 g6 21. Rf1
b6 22. Qe1 Qf6 23. f4 exf4 24. gxf4 Qd4 25. Nf3 Qg7 26. f5 Re8 27. Ng5 f6 28.
Nh3 g5 29. Nf2 Rac8 30. Qc3 Qe7 31. Rfe1 Rc7 32. Ng4 Nd7 33. Qd4 h5 34. Nf2 Nc5
35. Rd1 Rd8 36. e5 fxe5 37. Rxe5 Qxe5 38. Qxe5 dxe5 39. Rxd8+ Kg7 40. Rd6 Bxg2
41. Kxg2 Nxb3 42. Rxb6 Nd2 43. Rg6+ Kf7 44. Nd3 Nxc4 45. Rxg5 Rd7 46. Nc5 Rd2+
47. Kg3 Rd5 48. Ne4 Rd3+ 49. Kf2 Nd2 50. Ng3 Rd4 51. Rxh5 Rxa4 52. Ke3 Rd4 53.
Ne2 Nc4+ 54. Kf2 Rd2 55. Rh4 Rc2 56. Rh3 Kf6 57. Rc3 Rxc3 58. Nxc3 Kxf5 59. Kf3
Nd2+ 60. Ke2 Ne4 61. Nb5 Nc5 62. Ke3 a4 63. h4 Kg4 64. Nc3 a3 65. Ke2 Kxh4 66.
Kd1 Kg3 67. Kc2 Kf2 68. Kb1 Ke3 69. Ka2 Kd3 70. Nd5 e4 71. Kxa3 Kd4 72. Nb4 Kc4
73. Nc2 Ne6 74. Kb2 Nd4 75. Ne3+ Kd3 76. Ng4 Kd2 77. Kb1 Nf5 78. Ka1 Nh6 79.
Nf2 e3 80. Ne4+ 0-1

[Event "Albena BUL, 19th Open round_3"]
[Site "Albena BUL"]
[Date "2011.06.27"]
[Round "3.49"]
[White "Kiroski, Toni"]
[Black "Petrov, Martin"]
[Result "1-0"]
[WhiteElo "2340"]
[BlackElo "1933"]
[PlyCount "107"]
[EventDate "2011.06.25"]
[EventType "swiss"]
[EventRounds "9"]
[EventCountry "BUL"]

1. c4 Nf6 2. Nc3 c5 3. e4 d6 4. Nge2 b6 5. d4 cxd4 6. Nxd4 Bb7 7. f3 e6 8. Be3
Be7 9. Be2 O-O 10. Qd2 a6 11. O-O Nbd7 12. Rfd1 Rc8 13. Rac1 Qc7 14. b3 Qb8 15.
Bd3 Bd8 16. Qf2 Bc7 17. Qh4 Ne5 18. Bb1 Ng6 19. Qh3 Rfe8 20. Bg5 Nd7 21. Nde2
h6 22. Be3 Nf6 23. Nf4 Ne5 24. Nh5 Nxh5 25. Qxh5 Nd7 26. Qh4 Nf8 27. f4 d5 28.
cxd5 Ng6 29. Qf2 Bxf4 30. Bxf4 Qxf4 31. Qxb6 Rb8 32. Qd4 Rbd8 33. Rf1 Qg5 34.
Rcd1 e5 35. Qf2 Rd7 36. Na4 Nf4 37. Kh1 f5 38. g3 Nh3 39. Qxf5 Qxf5 40. Rxf5
Ng5 41. Nc5 Rc7 42. Nxb7 Rxb7 43. Rc1 Rb4 44. Rc4 Rb6 45. Bd3 g6 46. Rf2 Rf8
47. Rxf8+ Kxf8 48. Ra4 Rf6 49. h4 Nh3 50. Bxa6 Nf2+ 51. Kg1 Ng4 52. Be2 Ne3 53.
Ra8+ Ke7 54. Rc8 1-0

[Event "Albena BUL, 19th Open round_3"]
[Site "Albena BUL"]
[Date "2011.06.27"]
[Round "3.50"]
[White "Menkinoski, Riste"]
[Black "Ingason, Sigurdur"]
[Result "1-0"]
[WhiteElo "2331"]
[BlackElo "1924"]
[PlyCount "65"]
[EventDate "2011.06.25"]
[EventType "swiss"]
[EventRounds "9"]
[EventCountry "BUL"]

1. d4 f5 2. Bg5 h6 3. Bh4 g5 4. Bg3 Bg7 5. e3 Nc6 6. Qh5+ Kf8 7. Bc4 e6 8. c3
Nf6 9. Qe2 d6 10. Nf3 Ne4 11. Nbd2 Nxd2 12. Qxd2 Qe7 13. O-O-O Bd7 14. h4 g4
15. Ng1 Bf6 16. Ne2 Be8 17. Nf4 d5 18. Bb5 a6 19. Bxc6 bxc6 20. Nd3 Bf7 21. Be5
Bxe5 22. Nxe5 Qd6 23. f3 h5 24. e4 c5 25. exf5 exf5 26. Qf4 Qh6 27. Qxh6+ Rxh6
28. Nd7+ Kg7 29. Nxc5 a5 30. Rde1 Re8 31. Rxe8 Bxe8 32. Re1 Kf7 33. Re5 1-0

[Event "Albena BUL, 19th Open round_4"]
[Site "Albena BUL"]
[Date "2011.06.28"]
[Round "4.1"]
[White "Cheparinov, Ivan"]
[Black "Filip, Lucian"]
[Result "1-0"]
[WhiteElo "2669"]
[BlackElo "2467"]
[PlyCount "79"]
[EventDate "2011.06.25"]
[EventType "swiss"]
[EventRounds "9"]
[EventCountry "BUL"]

1. d4 Nf6 2. c4 e6 3. Nf3 b6 4. g3 Ba6 5. Qc2 Bb7 6. Bg2 c5 7. d5 exd5 8. cxd5
Nxd5 9. O-O Nc6 10. Rd1 Be7 11. a3 Nf6 12. e4 O-O 13. e5 Ne8 14. Nc3 Nc7 15.
Be3 Qe8 16. Re1 Nd8 17. Rad1 Nde6 18. Ne4 Rd8 19. Nd6 Bxd6 20. exd6 Bxf3 21.
Bxf3 Nb5 22. Qa4 Nbd4 23. Bxd4 cxd4 24. Qxa7 Rc8 25. Qxb6 Rb8 26. Bb7 Qd8 27.
Qa7 Qg5 28. b4 Qb5 29. Bg2 Rb6 30. Bf1 Qc6 31. b5 Qxd6 32. a4 Rbb8 33. Bg2 Nc5
34. Qa5 Nb3 35. Qa6 Qc5 36. Rb1 Qc4 37. Qd6 Qxa4 38. Bd5 Rxb5 39. Qxd7 Qa5 40.
Qxf7+ 1-0

[Event "Albena BUL, 19th Open round_4"]
[Site "Albena BUL"]
[Date "2011.06.28"]
[Round "4.2"]
[White "Arnaudov, G  Petar"]
[Black "Lupulescu, Constantin"]
[Result "1/2-1/2"]
[WhiteElo "2449"]
[BlackElo "2638"]
[PlyCount "46"]
[EventDate "2011.06.25"]
[EventType "swiss"]
[EventRounds "9"]
[EventCountry "BUL"]

1. Nf3 c5 2. c4 Nf6 3. Nc3 e6 4. g3 b6 5. Bg2 Bb7 6. O-O d6 7. d4 cxd4 8. Nxd4
Bxg2 9. Kxg2 Qc8 10. b3 Nbd7 11. Ba3 a6 12. Rc1 Be7 13. e3 O-O 14. f4 Ra7 15.
Qf3 Rc7 16. Rfd1 Re8 17. g4 g6 18. g5 Nh5 19. Ne4 Nc5 20. Nxc5 bxc5 21. Ne2 f6
22. gxf6 Nxf6 23. Bb2 Rd7 1/2-1/2

[Event "Albena BUL, 19th Open round_4"]
[Site "Albena BUL"]
[Date "2011.06.28"]
[Round "4.3"]
[White "Rodshtein, Maxim"]
[Black "Farago, Ivan"]
[Result "1-0"]
[WhiteElo "2638"]
[BlackElo "2448"]
[PlyCount "57"]
[EventDate "2011.06.25"]
[EventType "swiss"]
[EventRounds "9"]
[EventCountry "BUL"]

1. d4 e6 2. c4 Bb4+ 3. Nd2 c5 4. a3 Bxd2+ 5. Qxd2 cxd4 6. Qxd4 Nf6 7. b4 d5 8.
Bb2 Nc6 9. Qf4 dxc4 10. Rd1 Qe7 11. Qxc4 e5 12. Nf3 Be6 13. Qh4 e4 14. Nd4 e3
15. Nxc6 bxc6 16. Bd4 exf2+ 17. Qxf2 Ne4 18. Qf4 f5 19. e3 O-O 20. Bd3 Bd5 21.
O-O a5 22. b5 cxb5 23. Bxb5 Rac8 24. Rc1 g5 25. Qxf5 Rxf5 26. Rxc8+ Kf7 27.
Rxf5+ Kg6 28. Rxd5 Qf7 29. Be8 1-0

[Event "Albena BUL, 19th Open round_4"]
[Site "Albena BUL"]
[Date "2011.06.28"]
[Round "4.5"]
[White "Grigoryan, Avetik"]
[Black "Georgiev, Krum"]
[Result "1/2-1/2"]
[WhiteElo "2608"]
[BlackElo "2423"]
[PlyCount "47"]
[EventDate "2011.06.25"]
[EventType "swiss"]
[EventRounds "9"]
[EventCountry "BUL"]

1. d4 Nf6 2. c4 g6 3. Nc3 Bg7 4. e4 d6 5. h3 O-O 6. Bg5 Qe8 7. Be2 e5 8. d5 a5
9. g4 Na6 10. Nf3 Kh8 11. Nd2 Ng8 12. Nf1 f5 13. gxf5 gxf5 14. Bh5 Qd7 15. Ng3
Bf6 16. Bd2 Nc5 17. Nxf5 Nxe4 18. Nxe4 Qxf5 19. Qe2 Bg7 20. Bg4 Qg6 21. Bh5 Qf5
22. Bg4 Qg6 23. Bh5 Qf5 24. Bg4 1/2-1/2

[Event "Albena BUL, 19th Open round_4"]
[Site "Albena BUL"]
[Date "2011.06.28"]
[Round "4.6"]
[White "Bogdanov, Valentin"]
[Black "Nikolov, Momchil"]
[Result "0-1"]
[WhiteElo "2391"]
[BlackElo "2583"]
[PlyCount "66"]
[EventDate "2011.06.25"]
[EventType "swiss"]
[EventRounds "9"]
[EventCountry "BUL"]

1. d4 Nf6 2. Nf3 e6 3. c4 c5 4. d5 d6 5. Nc3 exd5 6. cxd5 g6 7. g3 Bg7 8. Bg2
O-O 9. O-O a6 10. a4 Re8 11. Bf4 Bg4 12. h3 Bxf3 13. Bxf3 Qc7 14. Qd2 Nbd7 15.
b3 Ne5 16. Bg2 Rab8 17. Bh6 b5 18. Bxg7 Kxg7 19. axb5 axb5 20. f4 Ned7 21. Ra6
b4 22. Nd1 c4 23. Rc6 Qa7+ 24. Kh2 c3 25. Qd3 Nc5 26. Qc4 Qe7 27. Re1 Nfe4 28.
Ne3 Kg8 29. Ng4 h5 30. Bxe4 hxg4 31. Bg2 gxh3 32. Bf3 Qe3 33. Rf1 Ne4 0-1

[Event "Albena BUL, 19th Open round_4"]
[Site "Albena BUL"]
[Date "2011.06.28"]
[Round "4.8"]
[White "Szabo, Gergely-Andras-Gyul"]
[Black "Lilov, Valeri"]
[Result "1-0"]
[WhiteElo "2545"]
[BlackElo "2412"]
[PlyCount "41"]
[EventDate "2011.06.25"]
[EventType "swiss"]
[EventRounds "9"]
[EventCountry "BUL"]

1. e4 c5 2. Nf3 d6 3. d4 cxd4 4. Qxd4 Nc6 5. Bb5 e5 6. Qd3 a6 7. Ba4 Nf6 8. Bg5
Be7 9. Nc3 Bg4 10. O-O-O b5 11. Bxf6 Bxf6 12. Bb3 Nd4 13. Nxd4 Bxd1 14. Nc6
Bg5+ 15. Kxd1 Qb6 16. Bxf7+ Kxf7 17. Qd5+ Kg6 18. Qe6+ Kh5 19. h4 Bf6 20. g4+
Kh6 21. Qf5 1-0

[Event "Albena BUL, 19th Open round_4"]
[Site "Albena BUL"]
[Date "2011.06.28"]
[Round "4.10"]
[White "Bonev, Todor"]
[Black "Chatalbashev, Boris"]
[Result "0-1"]
[WhiteElo "2317"]
[BlackElo "2591"]
[PlyCount "42"]
[EventDate "2011.06.25"]
[EventType "swiss"]
[EventRounds "9"]
[EventCountry "BUL"]

1. e4 g6 2. d4 Bg7 3. Nc3 c6 4. f4 d5 5. e5 Nh6 6. Nf3 f6 7. Be2 Bg4 8. O-O O-O
9. Be3 Nd7 10. Qd2 e6 11. Nd1 Nf5 12. Nf2 Bxf3 13. Bxf3 fxe5 14. fxe5 Qb6 15.
c3 Nxe5 16. Qe2 Nxe3 17. Qxe3 Nxf3+ 18. gxf3 e5 19. Rfd1 exd4 20. cxd4 Rae8 21.
Qd3 Bxd4 0-1

[Event "Albena BUL, 19th Open round_4"]
[Site "Albena BUL"]
[Date "2011.06.28"]
[Round "4.11"]
[White "Kolev, Atanas"]
[Black "Simonian, Tigran"]
[Result "1/2-1/2"]
[WhiteElo "2590"]
[BlackElo "2294"]
[PlyCount "83"]
[EventDate "2011.06.25"]
[EventType "swiss"]
[EventRounds "9"]
[EventCountry "BUL"]

1. d4 d5 2. Nf3 Nf6 3. Bf4 c5 4. e3 Nc6 5. Be2 Bf5 6. O-O e6 7. Nbd2 cxd4 8.
Nxd4 Nxd4 9. exd4 Be7 10. c3 O-O 11. Qb3 Bd6 12. Bxd6 Qxd6 13. Rfe1 h6 14. Nf1
Rfe8 15. Rad1 Qc7 16. Ne3 Be4 17. Bf1 Rab8 18. Rd2 b5 19. a3 Rec8 20. h3 Qb6
21. Qd1 a5 22. h4 Bg6 23. Bd3 Bxd3 24. Rxd3 b4 25. cxb4 axb4 26. Ng4 Qd8 27.
Ne5 bxa3 28. bxa3 Rb2 29. Rf3 Qa5 30. Re2 Qb5 31. Rxb2 Qxb2 32. Kh2 Rc1 33. Qa4
Rc7 34. Qb4 Qxb4 35. axb4 Rb7 36. Rb3 Ne4 37. Nd3 Nd6 38. Nc5 Rb8 39. Nd7 Rb7
40. Nc5 Rb8 41. Nd7 Rb7 42. Nc5 1/2-1/2

[Event "Albena BUL, 19th Open round_4"]
[Site "Albena BUL"]
[Date "2011.06.28"]
[Round "4.12"]
[White "Jaracz, Pawel"]
[Black "Voiska, Margarita"]
[Result "1-0"]
[WhiteElo "2575"]
[BlackElo "2300"]
[PlyCount "63"]
[EventDate "2011.06.25"]
[EventType "swiss"]
[EventRounds "9"]
[EventCountry "BUL"]

1. e4 c5 2. Nf3 Nc6 3. Bb5 e6 4. Bxc6 bxc6 5. d3 d5 6. c4 Ne7 7. Nc3 Ng6 8. b3
Bd6 9. O-O O-O 10. Ba3 f5 11. exd5 exd5 12. cxd5 Bb7 13. d4 cxd4 14. Bxd6 Qxd6
15. Nxd4 cxd5 16. Re1 Rf6 17. Ncb5 Qb6 18. Rc1 a6 19. Nc7 Rc8 20. Nce6 Rxc1 21.
Qxc1 Qb4 22. a3 Qd6 23. b4 Nf8 24. Qc5 Qd7 25. Nf4 Qd8 26. Re7 Bc8 27. Rc7 Qe8
28. g3 Qe1+ 29. Kg2 Be6 30. Re7 g5 31. Nfxe6 Rxe6 32. Nxe6 1-0

[Event "Albena BUL, 19th Open round_4"]
[Site "Albena BUL"]
[Date "2011.06.28"]
[Round "4.13"]
[White "Nevednichy, Vladislav"]
[Black "Shishkov, Minko"]
[Result "1-0"]
[WhiteElo "2542"]
[BlackElo "2286"]
[PlyCount "77"]
[EventDate "2011.06.25"]
[EventType "swiss"]
[EventRounds "9"]
[EventCountry "BUL"]

1. c4 c5 2. g3 g6 3. Bg2 Bg7 4. Nf3 Nc6 5. O-O e6 6. Nc3 Nge7 7. a3 O-O 8. d3
d5 9. Bd2 h6 10. Rb1 b6 11. b4 cxb4 12. axb4 Rb8 13. cxd5 exd5 14. b5 Na5 15.
Qa4 d4 16. Ne4 Bb7 17. Bb4 Rc8 18. Nd6 Rc7 19. Nxb7 Nxb7 20. Qxa7 Rd7 21. Nd2
Nc5 22. Qa3 Nd5 23. Bxc5 bxc5 24. Bxd5 Rxd5 25. b6 h5 26. b7 Qc7 27. Qb3 Rdd8
28. Rfc1 Bh6 29. f4 Bxf4 30. gxf4 Qxf4 31. Ne4 Qe3+ 32. Kh1 Qxe2 33. Rf1 Kg7
34. Rbe1 Qg4 35. Nxc5 h4 36. Qb6 Qg5 37. Ne4 Qd5 38. Qf6+ Kg8 39. Rf4 1-0

[Event "Albena BUL, 19th Open round_4"]
[Site "Albena BUL"]
[Date "2011.06.28"]
[Round "4.14"]
[White "Becker, Michael"]
[Black "Grigorov, Grigor"]
[Result "1/2-1/2"]
[WhiteElo "2309"]
[BlackElo "2497"]
[PlyCount "92"]
[EventDate "2011.06.25"]
[EventType "swiss"]
[EventRounds "9"]
[EventCountry "BUL"]

1. e4 c5 2. Nf3 e6 3. d3 Nc6 4. g3 g6 5. d4 cxd4 6. Nxd4 a6 7. Nxc6 bxc6 8. Qd4
Qf6 9. Qxf6 Nxf6 10. Bg2 Bg7 11. c4 a5 12. O-O Ba6 13. Nd2 Ng4 14. Rb1 Ne5 15.
b3 Nd3 16. Ba3 Bc3 17. Bd6 Nb4 18. Rbd1 Nxa2 19. e5 f5 20. exf6 Bxf6 21. Ne4
Bg7 22. Nc5 Nc3 23. Rd2 a4 24. Nxd7 axb3 25. Bxc6 Rc8 26. Ne5+ Rxc6 27. Nxc6
Ne4 28. Rdd1 Bxc4 29. Be5 O-O 30. Rfe1 Nxf2 31. Bxg7 Kxg7 32. Rd7+ Kg8 33. Rd4
Bd3 34. Ne5 Bc2 35. Rb4 Nd1 36. Nc4 Nf2 37. Nb2 h5 38. Re2 Nd3 39. Nxd3 Bxd3
40. Rxe6 Bc2 41. Re7 Rf7 42. Rxf7 Kxf7 43. Kf2 Ke6 44. Ke3 Kd5 45. Kd2 Kc5 46.
Kc3 Kd5 1/2-1/2

[Event "Albena BUL, 19th Open round_4"]
[Site "Albena BUL"]
[Date "2011.06.28"]
[Round "4.15"]
[White "Bargan, Sergei"]
[Black "Berbatov, Kiprian"]
[Result "1-0"]
[WhiteElo "2297"]
[BlackElo "2490"]
[PlyCount "91"]
[EventDate "2011.06.25"]
[EventType "swiss"]
[EventRounds "9"]
[EventCountry "BUL"]

1. d4 Nf6 2. c4 g6 3. Nc3 Bg7 4. e4 d6 5. f3 O-O 6. Be3 c5 7. dxc5 dxc5 8. Qxd8
Rxd8 9. Bxc5 Nc6 10. Be3 b6 11. Rc1 Ba6 12. Be2 Nd7 13. Nh3 Nc5 14. Nf2 Nb4 15.
Nd5 Nxd5 16. cxd5 Bxe2 17. Bxc5 Bxf3 18. gxf3 bxc5 19. b3 Bd4 20. Nd3 Rac8 21.
Rc4 Rd6 22. Ke2 Ra6 23. Nb4 Ra3 24. Rc2 e6 25. Nc6 Bf6 26. Kd3 exd5 27. exd5
Kf8 28. Re1 Bd8 29. Ne5 Bb6 30. Kc4 Kg7 31. Nc6 Kf6 32. Re4 Bc7 33. h4 Bd6 34.
Kb5 h5 35. Rce2 Rc7 36. Na5 c4 37. Rxc4 a6+ 38. Kb6 Re7 39. Rxe7 Bxe7 40. Rf4+
Kg7 41. Nb7 g5 42. Re4 Bf6 43. hxg5 Bxg5 44. Re2 a5 45. Nc5 Bf4 46. Kc6 1-0

[Event "Albena BUL, 19th Open round_4"]
[Site "Albena BUL"]
[Date "2011.06.28"]
[Round "4.16"]
[White "Ermenkov, Evgenij"]
[Black "Samhouri, Bilal"]
[Result "1/2-1/2"]
[WhiteElo "2451"]
[BlackElo "2269"]
[PlyCount "32"]
[EventDate "2011.06.25"]
[EventType "swiss"]
[EventRounds "9"]
[EventCountry "BUL"]

1. c4 e6 2. Nf3 Nf6 3. g3 d5 4. Bg2 c5 5. O-O Nc6 6. d3 Be7 7. Nc3 O-O 8. e4
dxe4 9. dxe4 e5 10. Nd5 Bg4 11. h3 Bxf3 12. Qxf3 Nd4 13. Qd1 Nxd5 14. exd5 f5
15. Bd2 Bd6 16. f4 Qf6 1/2-1/2